000 01325cam a22003614a 4500
001 13382629
003 OSt
005 20140310182656.0
008 031024s2005 maua b 001 0 eng
010 _a 2003061502
020 _a0071240861
020 _a007111212X (international ed. : alk. paper)
040 _aDLC
_cDLC
_dDLC
042 _apcc
050 0 0 _aHB 171.5
_b.M478 2005
082 0 0 _aM 330
_222
_bM13 2005
100 1 _aMcConnell, Campbell R.
245 1 0 _aEconomics
_bprinciples, problems, and policies
_cMcConnell, Campbell R.
250 _a16th ed.
260 _aBoston
_bMcGraw-Hill/Irwin
_cc2005
300 _axxx, 733 p.
_bcol. ill.
_c27 cm.
_e1 CD-ROM (4 3/4 in.)
500 _aVarious multi-media supplements are available to supplement the text.
504 _aIncludes bibliographical references and index.
521 _aCollege student
526 _c1210L to 1700L
541 _j1
562 _efor circulation. 1 copy available in the collection
650 0 _aEconomics.
700 1 _aBrue, Stanley L.,
_d1945-
906 _a7
_bcbc
_corignew
_d1
_eocip
_f20
_gy-gencatlg
942 _2lcc
_cBK
_kM
999 _c15121
_d15121